「こ」から始まる市区町村 - Statistics

General Stats
  • This quiz has been taken 368 times
  • The average score is 39 of 60
Answer Stats
都道府県 % Correct
高知市 高知県
89%
郡山市 福島県
86%
甲賀市 滋賀県
83%
甲府市 山梨県
83%
江東区 東京都
81%
古河市 茨城県
80%
湖西市 静岡県
80%
小松市 石川県
79%
江南市 愛知県
78%
小金井市 東京都
78%
湖南市 滋賀県
77%
国分寺市 東京都
76%
越谷市 埼玉県
76%
小平市 東京都
76%
古賀市 福岡県
75%
神戸市 兵庫県
74%
五島市 長崎県
74%
狛江市 東京都
74%
香南市 高知県
72%
五條市 奈良県
72%
甲州市 山梨県
71%
五所川原市 青森県
71%
御所市 奈良県
70%
小牧市 愛知県
69%
駒ヶ根市 長野県
68%
小松島市 徳島県
68%
江津市 島根県
67%
小林市 宮崎県
67%
鴻巣市 埼玉県
66%
御殿場市 静岡県
65%
五戸町 青森県 三戸郡
65%
小諸市 長野県
64%
桑折町 福島県 伊達郡
63%
御坊市 和歌山県
63%
菰野町 三重県 三重郡
63%
五泉市 新潟県
62%
神津島村 東京都
59%
幸田町 愛知県 額田郡
59%
高野町 和歌山県 伊都郡
58%
合志市 熊本県
57%
小海町 長野県 南佐久郡
57%
甲良町 滋賀県 犬上郡
57%
五霞町 茨城県 猿島郡
57%
小清水町 北海道 斜里郡
56%
琴平町 香川県 仲多度郡
56%
神戸町 岐阜県 安八郡
55%
江北町 佐賀県 杵島郡
54%
小坂町 秋田県 鹿角郡
54%
古座川町 和歌山県 東牟婁郡
53%
小菅村 山梨県 北都留郡
53%
五ヶ瀬町 宮崎県 西臼杵郡
49%
九重町 大分県 玖珠郡
49%
五城目町 秋田県 南秋田郡
48%
琴浦町 鳥取県 東伯郡
48%
広陵町 奈良県 北葛城郡
46%
神崎町 千葉県 香取郡
45%
江府町 鳥取県 日野郡
45%
甲佐町 熊本県 上益城郡
43%
上毛町 福岡県 築上郡
38%
小竹町 福岡県 鞍手郡
34%
No matching quizzes found
Score Distribution
Percent of People with Each Score
Percentile by Number Answered
Your Score History
You have not taken this quiz